Aretha Franklin Discography - Statistics

General Stats
  • This quiz has been taken 3 times
  • The average score is 37 of 101
Answer Stats
Type Year Name % Correct
Compilation 1987 20 Greatest Hits
67%
Compilation 1985 30 Greatest Hits
67%
Live Album 1972 Amazing Grace
67%
Album 1980 | 1986 Aretha
67%
Album 2011 Aretha: A Woman Falling Out of Love
67%
Compilation 1967 Aretha Franklin's Greatest Hits
67%
Compilation 1968 Aretha Franklin's Greatest Hits Volume II
67%
Compilation 1971 Aretha's Greatest Hits
67%
Compilation 1998 Greatest Hits
67%
Compilation 1994 Greatest Hits: 1980-1994
67%
Compilation 2002 Respect: The Very Best of Aretha Franklin
67%
Album 1975 You
67%
Album 1972 Young, Gifted and Black
67%
Compilation 2017 A Brand New Me
33%
Compilation 2009 A Deeper Love: The Best of Aretha Franklin
33%
Album 1978 Almighty Fire
33%
Compilation 1997 A Natural Woman & Other Hits
33%
Compilation 1987 Aretha After Hours
33%
Album 1967 Aretha Arrives
33%
Album 2014 Aretha Franklin Sings the Great Diva Classics
33%
Live Album 1968 Aretha in Paris
33%
Live Album 1971 Aretha Live at Fillmore West
33%
Album 1968 Aretha Now
33%
Compilation 2001 Aretha's Best
33%
Compilation 1969 Aretha's Gold
33%
Compilation 1984 Aretha's Jazz
33%
Album 1998 A Rose Is Still a Rose
33%
Compilation 1993 Chain of Fools
33%
Album 1983 Get It Right
33%
Compilation 2011 Great American Songbook
33%
Album 1973 Hey Now Hey (The Other Side of the Sky)
33%
Album 1967 I Never Loved a Man the Way I Love You
33%
Compilation 1972 In the Beginning: The World of Aretha Franklin 1960-1967
33%
Compilation 1992 Jazz to Soul
33%
Duets Compilation 2007 Jewels in the Crown: All-Star Duets with the Queen
33%
Album 1982 Jump to It
33%
Compilaton 2012 Knew You Were Waiting: The Best of Aretha Franklin 1980-1998
33%
Album 1979 La Diva
33%
Album 1968 Lady Soul
33%
Album 1963 Laughing on the Outside
33%
Album 1974 Let Me in Your Life
33%
Album 1981 Love All the Hurt Away
33%
Compilation 2001 Love Songs
33%
Compilation 2011 More Gospel Greats
33%
Live Album 2007 Oh Me Oh My: Aretha Live in Philly, 1972
33%
Live Album 1987 One Lord, One Faith, One Baptism
33%
Compilation 2003 Platinum & Gold Collection
33%
Compilation 2002 Queen in Waiting: The Columbia Years 1960-1965
33%
Compilation 1992 Queen of Soul: The Atlantic Recordings
33%
Compilation 1994 Queen of Soul: The Very Best of Aretha Franklin
33%
Compilation 2007 Rare & Unreleased Recordings from the Golden Reign of the Queen of Soul
33%
Compilation 1997 Respect & Other Hits
33%
Album 1964 Runnin' Out of Fools
33%
Compilation 1996 Sings Standards
33%
Album 2003 So Damn Happy
33%
Album 1969 Soft and Beautiful
33%
Album 1956 Songs of Faith
33%
Album 1969 Soul '69
33%
Album 1966 Soul Sister
33%
Compilation 1998 Spanish Harlem
33%
Soundtrack 1976 Sparkle
33%
Album 1970 Spirit in the Dark
33%
Compilation 2009 Sunday Morning Classics
33%
Compilation 1982 Sweet Bitter Love
33%
Album 1977 Sweet Passion
33%
Album | Compilation 1967 Take a Look
33%
Box Set 2011 Take a Look: Aretha Franklin Complete on Columbia
33%
Album 1967 Take It Like You Give It
33%
Compilation 1976 Ten Years of Gold
33%
Compilation 1973 | 1984 The Best of Aretha Franklin
33%
Compilation 1998 The Delta Meets Detroit: Aretha's Blues
33%
Compilation 1997 The Early Years
33%
Album 1962 The Electrifying Aretha Franklin
33%
Compilation 1986 The First Lady of Soul
33%
Compilation 2021 The Genius of Aretha Franklin
33%
Compilation 1981 The Legendary Queen of Soul
33%
Compilation 2018 The Queen of Soul
33%
Album 1962 The Tender, the Moving, the Swinging Aretha Franklin
33%
Compilation 2010 The Very Best of Aretha Franklin
33%
Compilation 2012 The Very Best of Aretha Franklin & Otis Redding Together
33%
Compilation 1994 The Very Best of Aretha Franklin, Vol. 1: The 60's
33%
Compilation 1994 The Very Best of Aretha Franklin, Vol. 2: The 70's
33%
Compilation 1998 Think & Other Hits
33%
Holiday Album 2008 This Christmas, Aretha
33%
Album 1970 This Girl's in Love with You
33%
Compilation 1998 This Is Jazz, Vol. 34
33%
Album 1989 Through the Storm
33%
Compilation 1969 Today I Sing the Blues
33%
Album 1964 Unforgettable: A Tribute to Dinah Washington
33%
Album 1991 What You See Is What You Sweat
33%
Album 1985 Who's Zoomin' Who?
33%
Album 1974 With Everything I Feel in Me
33%
Album 1965 Yeah!!!
33%
Compilation 1980 Aretha Sings the Blues
0%
Album 1961 Artetha: With The Ray Bryant Combo
0%
Collaborative Live Album 2005 Don't Fight the Feeling: Live at Fillmore West
0%
Box Set 2015 The Atlantic Albums Collection
0%
Compilation 2018 The Atlantic Singles Collection 1967-1970
0%
No matching quizzes found
Score Distribution
Percent of People with Each Score
Percentile by Number Answered
Your Score History
You have not taken this quiz